Wypisz linę lotniczą na każdą literę alfabetu. - Statystyki

Ogólne statystyki
  • Ten quiz został rozwiązany 26 razy
  • Średni wynik to 8 z 23
Statystyki odpowiedzi
Literka Odpowiedź % Poprawnych
L LAB Airlines/ Lao Airlines/ LOT/ LTU/ Lufthansa/ Luxair
88%
A Adria Airways/ Aegean Airlines/ Aer Arann/ Aer Lingus/ Aeroflot/ AeroGal/ Aerolineas Argentinas/ Aeromexico/ Aeropelican Air Services/ Aerosvit/ Afriqiyah Airways/ Aigle Azur/ Air Algerie/ Air Alps/ Air Armenia/ Air Astana/ Air Austral/ Air Berlin/ Air Canada/ Air China/ Air Comet/ Air Creebec/ Air Dolomiti/ Air Europa/ Air France/ Air Greenland/ Air Guyane/ Air India/ Air Italy/ Air Ivoire/ Air Jamaica/ Air Lithuania/ Air Macau/ Air Madagascar/ Air Malawi/ Air Mali/ Air Malta/ Air Marshall Islands/ Air Mauritius/ Air Moldova/ Air Namibia/ Air New Zealand/ Air Niugini/ Air North/ Air One/ Air Pacific/ Air Senegal/ Air Seychelles/ Air Sinai/ Air Sunshine/ Air Tahiti/ Air Tanzania/ Air Transat/ Air Vanuatu/ Air Zimbabwe/ AirAsia/ airBaltic/ Airlinair/ AirTran Airways/ Alaska Airlines/ Albanian Airlines/ Alitalia/ All Nippon Airways/ ALMA de Mexico/ Alpine Air Express/ American Airlines/ Ariana Afghan Airlines/ Arik Air/ Arkia Israel Airlines/ Armavia/ Atlasjet/ Austrian Airlines/ Avianca/ Azerbaijan Airlines/ AJet
76%
E easyJet/ Egyptair/ El Al/ Emirates/ Estonian Air/ Etihad Airways/ EuroLOT/ EuroManx/ Enter Air
72%
R Rossiya Airlines/ Royal Brunei Airlines/ Ryanair
60%
W WestJet Airlines/ Wideroe/ Wind Jet/ Wizz Air
60%
B Bahamasair/ Basiq Air/ Belavia Belarusian Airlines/ Bemidji Airlines/ Bering Air/ Berjaya Air/ Binter Canarias/ Blu Express/ Blue1/ BMI Baby/ British Airways/ Brussels Airlines/ Bulgaria Air/ Buzz
52%
Q Qantas/ Qatar Airways
48%
T TAP Portugal/ Tarom/ Thomas Cook Airlines/ Thomsonfly/ Tiger Airways Singapore/ Transaero Airlines/ transavia.com/ TUIfly/ Turkish Airlines
44%
K Kenya Airways/ Kingfisher Airlines/ KLM
36%
S SAS/ Singapore Airlines/ SkyEurope/ Smart Wings/ Snowflake/ South African Airways/ Southwest Airlines/ Spanair/ SprintAir/ SriLankan Airlines/ Sterling/ SunExpress/ SWISS
36%
F Finnair/ First Choice Airways/ FlyBE/ Flyglobespan
32%
D Danish Air Transport/ Danube Wings/ Dauair/ Delta Airlines/ Deutsche BA/ Direct Fly/ Donbassaero
28%
U Ukraine International Airlines/ Ukrainian - Mediterranean Airlines/ United Airlines/ US Airways
24%
C Cathay Pacific/ Centralwings/ China Southwest Airlines/ Cimber Air/ Clickair/ Condor/ Continental Airlines/ Copa Airlines Colombia/ Corsairfly/ Croatia Airlines/ Cyprus Airways/ Czech Airlines/ Corendon Airlines
20%
I IBERIA/ Iceland Express/ InterSky
20%
N Nas Air/ Nasair/ NIKI/ Norwegian/ Nouvelair
20%
V Vietnam Airlines/ Virgin Atlantic/ Virgin Express/ Volareweb.com/ Vueling
20%
H Hahn Air/ Hapagfly/ Helvetic/ HLX
16%
J Jat Airways/ Jet Air/ Jet Airways/ Jet2.com/ Jetairfly/ JetBlue Airways/ Jetstar Airways
16%
M Malaysia Airlines/ Malev/ Malmo Aviation/ Mandarin Airlines/ Mango/ Manx2/ Marabu/ Meridiana/ Mexicana de Aviacion/ Monarch Airlines/ MyAir.com/ MyTravelLite
12%
P Pegasus/ Pulkovo Aviation
12%
G Georgian Airways/ Germania/ Germanwings/ Globespan
8%
O OLT Express/ Olympic Airlines
4%
Nie znaleziono quizów pasujących do podanych kryteriów
Rozkład punktacji
Procent ludzi z każdym wynikiem
Percentyl według liczby udzielonych odpowiedzi
Twoja historia wyników
Nie rozwiązałeś tego quizu